000
00319nam a22001457a 4500
003
SGT
082
_a
615.532
_b
W16K
100
_a
KANODIA, K.D.
245
_a
WONDERS OF SINGH DOSE IN HOMOEOPATHIC
250
_a
2ND
260
_a
INDIA
_b
B JAIN. PUB
_c
2016
300
_a
205
650
_a
HOMOEOPATHIC
942
_2
ddc
_c
BK
999
_c
18618
_d
18618